000 01009nab a2200313 4500
003 BR-BrBNA
005 20240415235414.0
008 240415b bl.||||| |||| 00| 0 por d
040 _aBR-BrBNA
_bpor
072 _aP06 ; N01 ; P01
_b4620
100 _aLara, Marcelo
100 _aCypriano, Lucas
245 _aBiodigestor: o grande produtor de biogás e biofertilizante na indústria de reciclagem animal
500 _a3 illus.
650 _aPRODUTO DE ORIGEM ANIMAL
650 _aRECICLAGEM
650 _aBIODIGESTOR
650 _aFERMENTAÇÃO ANAERÓBICA
650 _aBIOFERTILIZANTE
650 _aBIOGÁS
650 _aBIOCOMBUSTÍVEL
650 _aSUSTENTABILIDADE
650 _aDEGETO
650 _aRESÍDUO INDUSTRIAL
650 _aTRATAMENTO
773 0 _09543
_9314237
_dSão Paulo - SP: Editora Stilo, 2021.
_o2024-0574
_tRevista Graxaria Brasileira (Brasil)
_gv. 11(64) p. 48-54; (Jul-Aug 2018)
_wBR2024000562
942 _cAnalítica
999 _c299188
_d299188